Violence in America (Record no. 51034)
[ view plain ]
| 000 -LEADER | |
|---|---|
| fixed length control field | 01705nam a2200373Ia 4500 |
| 082 04 - DEWEY DECIMAL CLASSIFICATION NUMBER | |
| Classification number | 303.6/0973 |
| 245 00 - TITLE STATEMENT | |
| Title | Violence in America |
| 260 ## - PUBLICATION, DISTRIBUTION, ETC. (IMPRINT) | |
| Place of publication | New York : |
| Name of publisher | Oxford University Press, |
| Year of publication | 1991. |
| 300 ## - PHYSICAL DESCRIPTION | |
| Number of Pages | xvi, 199 p. |
| 500 ## - GENERAL NOTE | |
| General note | Consists of the revised papers from the Surgeon General's Workshop on Violence and Public Health, held Oct. 27-29, 1985 Leesburg, Va. |
| 650 #0 - SUBJECT ADDED ENTRY--TOPICAL TERM | |
| Topical Term | Violence |
| Topical Term | Family violence |
| Topical Term | Crime prevention |
| Topical Term | Public health |
| Topical Term | Victims of crimes |
| 700 1# - ADDED ENTRY--PERSONAL NAME | |
| Personal name | Rosenberg, Mark L., |
| Personal name | Fenley, Mary Ann. |
| 856 40 - ELECTRONIC LOCATION AND ACCESS | |
| Uniform Resource Identifier | http://site.ebrary.com/lib/rucke/Doc?id=10086825 |
No items available.
